|
|
|
|
| LEADER |
00000nab a2200000 a 4500 |
| 001 |
vtls009007619 |
| 003 |
SK-MaSNL |
| 005 |
20260303065451.0 |
| 008 |
070716c20070713xo drz 0 0slo |
| 038 |
|
|
|a KEVKJB
|
| 040 |
|
|
|a KEVKJB
|b slo
|c KEVKJB
|e AACR2
|
| 041 |
0 |
|
|a slo
|
| 044 |
|
|
|a xo
|c SK
|
| 080 |
|
|
|a 628.474
|2 2001
|
| 100 |
1 |
|
|a Jesenský, Mikuláš
|4 aut
|9 266855
|
| 245 |
1 |
0 |
|a Napriek protestom zvýšia kapacitu spaľovne!
|b spoločnosť Kosit ubezpečuje, že moderné zariadenie bude spĺňať európske kritériá
|c Mikuláš Jesenský
|
| 300 |
|
|
|b Fotogr.
|
| 610 |
2 |
7 |
|a Kosit (Košice, Slovensko)
|2 kevkjb
|9 30556
|
| 610 |
2 |
7 |
|a Spaľovňa komunálneho odpadu (Kokšov-Bakša, Slovensko)
|2 kevkjb
|9 881272
|
| 651 |
|
7 |
|a Košice (Slovensko)
|2 kevkjb
|9 18694
|
| 773 |
0 |
|
|t Košický denník Korzár
|g Roč. X, č. 160 (13.7.2007), s. 2
|x 1335-4566
|
| 852 |
|
|
|a KEVKJB
|b KIS3GCP
|
| 856 |
4 |
1 |
|u www.korzar.sk
|
| 999 |
|
|
|c 1751290
|d 1753220
|